000
00329pab a2200133 454500
008
180718b1989 xxu||||| |||| 00| 0 eng d
245
_a
Special issue on the helth system and inequalities
260
_c
1989
300
_a
215-97
362
_a
Jul.-Sept.
650
_a
Health Services
773
_a
Social Action
909
_a
10083
999
_c
10083
_d
10083